000 01927cam a22003498i 4500
001 20801877
005 20221120131436.0
008 190107s2019 enk b 001 0 eng
010 _a 2018059108
020 _a9781108463591 (paperback)
040 _aDLC
_beng
_erda
_cDLC
042 _apcc
043 _ae------
050 0 0 _aKJE947
_b.E883 2019
082 0 0 _a341.2422
_bCHA
100 1 _aChalmers, Damian,
_eauthor.
_9103208
245 1 0 _aEuropean Union law :
_btext and materials /
_cDamian Chalmers, National University of Singapore; Gareth Davies, Vrije Universiteit, Amsterdam; Giorgio Monti, European University Institute, Florence.
250 _aFourth edition.
263 _a1905
264 1 _aNew York :
_bCambridge University Press,
_c2019.
300 _a1022 p. ;
_c24 cm.
504 _aIncludes bibliographical references and index.
505 0 _aEuropean integration and the treaty on European union -- The EU institutions -- Union law-making -- The EU judicial order -- The authority of EU law -- Fundamental rights -- Rights and remedies in national courts -- Infringement proceedings -- Judicial review -- Brexit -- EU citizenship -- EU law and non-EU nationals -- Equal opportunities law -- The internal market -- Economic and monetary union -- Free movement of goods -- Free movement of services -- The pursuit of an occupation in another member state -- Trade restrictions and public goods -- EU competition law : function and enforcement -- Antitrust and monopolies -- State aids.
610 2 0 _aEuropean Union.
_9103209
650 0 _aLaw
_zEuropean Union countries.
_9103210
655 7 _aTextbooks.
_2lcgft
700 1 _aDavies, Gareth,
_eauthor.
_9103211
700 1 _aMonti, Giorgio,
_eauthor.
_9103212
906 _a7
_bcbc
_corignew
_d1
_eecip
_f20
_gy-gencatlg
942 _2ddc
_cBK
999 _c592450
_d592450